IFM Opac

Entrepreneurship: Successfully Launching New Ventures (Record no. 21665)

MARC details
000 -LEADER
fixed length control field 00435nam a22001697a 4500
003 - CONTROL NUMBER IDENTIFIER
control field OSt
005 - DATE AND TIME OF LATEST TRANSACTION
control field 20220905160602.0
008 - FIXED-LENGTH DATA ELEMENTS--GENERAL INFORMATION
fixed length control field 220905b |||||||| |||| 00| 0 eng d
040 ## - CATALOGING SOURCE
Transcribing agency IFM Library
100 ## - MAIN ENTRY--PERSONAL NAME
Personal name Barringer ,Bruce
245 ## - TITLE STATEMENT
Title Entrepreneurship: Successfully Launching New Ventures
250 ## - EDITION STATEMENT
Edition statement 4th ed
260 ## - PUBLICATION, DISTRIBUTION, ETC.
Place of publication, distribution, etc. london
Name of publisher, distributor, etc. Pearson
Date of publication, distribution, etc. 2012
300 ## - PHYSICAL DESCRIPTION
Extent 585p,ill,: 27cm
500 ## - GENERAL NOTE
General note include Index
942 ## - ADDED ENTRY ELEMENTS (KOHA)
Source of classification or shelving scheme Dewey Decimal Classification
Koha item type Books
Suppress in OPAC No
Holdings
Withdrawn status Lost status Source of classification or shelving scheme Damaged status Not for loan Collection code Home library Current library Shelving location Date acquired Total Checkouts Full call number Barcode Date last seen Price effective from Koha item type
    Dewey Decimal Classification     Non-fiction IFM Main Campus Library IFM Main Campus Library Work Room processing 10/04/2022   338.04 BAR 0000022810 10/04/2022 10/04/2022 Books